000 01554nam a2200253Ia 4500
999 _c40877
_d40877
001 7521
003 GE_BSU
005 20200109160355.0
008 181216s2013||||ge |||||||||||||| ||geo||
020 _a9789941220272.
040 _cGE_BSU
041 _ageo
080 _a338.22 მ-27
100 _aმანველიძე , რეზო.
_91497
245 _aუნარ-ჩვევები და პრაქტიკა ბიზნესში :
_b(სიტუაციების იმიტირება) /
_cრეზო მანველიძე ; ინეზა ზოიძე ; რედ : პაატა აროშიძე .
264 _aთბილისი :
_bუნივერსალი,
_c2013.
300 _a217 გვ .:
_bცხრ. ;
_c20 სმ.
653 _aსიტუაციების იმიტირება
653 _aუნარ-ჩვევები და პრაქტიკა ბიზნესში
653 _aეკონომიკა
700 _aაროშიძე , პაატა
_eრედაქტორი
_94137
710 _94138
_aბათუმის შ. რუსთაველის სახელმწ. უნ-ტის სოც. მეცნ., ბიზნ. და სამართალმც. ფაკ-ტი, ბიზნ. ადმინისტრირებისა და ეკონ. პოლიტ. დეპარტამენტი, სოც. მეცნ. დეპარტამენტი.
942 _cBK
_2udc